000 00360nam a2200133Ia 4500
005 20260326100027.0
008 260326s9999||||xx |||||||||||||| ||und||
100 _aMedeiros Anaya, Gustavo
245 0 _aArquitectura y Ciudad /
_cGustavo Medeiros Anaya
260 _bUniversidad Andina Simón Bolívar
300 _a139 p.
650 _aARQUITECTOS
942 _cBK
999 _c6442
_d6442